Komunikácia učebné texty pre profesionálne vzdelávanie manažérov s certifikáciou MIF KHF BC 14/1998 : marketing tréningových programov pre stredný manažment výrobných podnikov
Guardado en:
| Autor principal: | |
|---|---|
| Otros Autores: | |
| Formato: | Libro |
| Lenguaje: | eslovaco |
| Publicado: |
[Bratislava]
[Know How Fund - IPV]
[1998]
|
| Materias: | |
| Etiquetas: |
Sin Etiquetas, Sea el primero en etiquetar este registro!
|
MARC
| LEADER | 00000nam a2200000 4500 | ||
|---|---|---|---|
| 001 | 0166344 | ||
| 005 | 20240502072910.7 | ||
| 041 | 0 | |a slo | |
| 044 | |a SK | ||
| 245 | 1 | 0 | |a Komunikácia |b učebné texty pre profesionálne vzdelávanie manažérov s certifikáciou MIF KHF BC 14/1998 : marketing tréningových programov pre stredný manažment výrobných podnikov |c Jarmila Tkáčiková, Roman Hajtmánek |
| 264 | 1 | |a [Bratislava] |b [Know How Fund - IPV] |c [1998] | |
| 300 | |a [82 s.], [4,1 AH] | ||
| 610 | 2 | 0 | |a komunikácia |
| 610 | 2 | 0 | |a komunikácia manažérska |
| 610 | 2 | 0 | |a vyučovanie |
| 610 | 2 | 0 | |a vzdelávanie dospelých |
| 610 | 2 | 0 | |a manažéri |
| 610 | 2 | 0 | |a manažment |
| 610 | 2 | 0 | |a marketing |
| 610 | 2 | 0 | |a podnik výrobný |
| 100 | 1 | |a Tkáčiková, Jarmila | |
| 700 | 1 | |a Hajtmánek, Roman | |